Historia de la ciencia y de la técnica en la Corona de Castilla / (Record no. 47733)

MARC details
000 -LEADER
campo de control de longitud fija 01136nam a2200277 i 4500
001 - NÚMERO DE CONTROL
campo de control 47733
003 - IDENTIFICADOR DE NÚMERO DE CONTROL
campo de control ES-MaACL
005 - FECHA Y HORA DE LA ÚLTIMA TRANSACCIÓN
campo de control 20250821111320.0
007 - CAMPO FIJO DE DESCRIPCIÓN FÍSICA--INFORMACIÓN GENERAL
campo de control de longitud fija t|
008 - DATOS DE LONGITUD FIJA--INFORMACIÓN GENERAL
campo de control de longitud fija 030521s2002 sp ||||0| spa
020 ## - NÚMERO INTERNACIONAL ESTÁNDAR DEL LIBRO
Número Internacional Estándar del Libro 84-9718-063-1
080 ## - NÚMERO DE LA CLASIFICACIÓN DECIMAL UNIVERSAL
Número de la Clasificación Decimal Universal 001(460)(091)
080 ## - NÚMERO DE LA CLASIFICACIÓN DECIMAL UNIVERSAL
Número de la Clasificación Decimal Universal 62/69(460)(091)
245 00 - MENCIÓN DEL TÍTULO
Título Historia de la ciencia y de la técnica en la Corona de Castilla /
Mención de responsabilidad, etc. Luis García Ballester, dir. ; Marcelino Amasuno Sárraga ... [et al.].
260 ## - PUBLICACIÓN, DISTRIBUCIÓN, ETC.
Lugar de publicación, distribución, etc. [Valladolid] :
Nombre del editor, distribuidor, etc. Consejería de Educación y Cultura,
Fecha de publicación, distribución, etc. 2002.
300 ## - DESCRIPCIÓN FÍSICA
Extensión 4 v. :
Otras características físicas il. col. ;
Dimensiones 29 cm.
505 8# - NOTA DE CONTENIDO CON FORMATO
Nota de contenido con formato Contiene: 1-2. Edad Media (936 ; 790 p.) - 3. Siglos XVI y XVII / José María López Piñero, dir. (719 p.) - 4. Siglo XVIII / José Luis Peset Reig, dir. (861 p.)
650 #4 - PUNTO DE ACCESO ADICIONAL DE MATERIA--TÉRMINO DE MATERIA
Término de materia o nombre geográfico como elemento de entrada Ciencia-
Subdivisión geográfica Castilla (Reino)
9 (RLIN) 10936
650 #4 - PUNTO DE ACCESO ADICIONAL DE MATERIA--TÉRMINO DE MATERIA
Término de materia o nombre geográfico como elemento de entrada Tecnología-
Subdivisión geográfica Castilla (Reino)-
Subdivisión de forma Historia.
9 (RLIN) 17401
700 1# - ENTRADA AGREGADA--NOMBRE PERSONAL
Nombre de persona García Ballester, Luis,
Fechas asociadas al nombre 1936-2000
9 (RLIN) 54214
700 1# - ENTRADA AGREGADA--NOMBRE PERSONAL
Nombre de persona Amasuno, Marcelino V.
9 (RLIN) 21127
700 1# - ENTRADA AGREGADA--NOMBRE PERSONAL
Nombre de persona López Piñero, José María.
9 (RLIN) 73895
700 1# - ENTRADA AGREGADA--NOMBRE PERSONAL
Nombre de persona Peset, José Luis.
9 (RLIN) 91433
852 4# - LOCALIZACIÓN
Ubicación ES-MaACL
Número de control de estantería L-26320-23
Holdings
Estatus retirado Estado de pérdida Estado de daño No para préstamo Biblioteca de origen Biblioteca actual Ubicación en estantería Fecha de adquisición Fuente de adquisición Total de préstamos Signatura topográfica completa Código de barras Visto por última vez Precio de reemplazo Tipo de ítem Koha
        Biblioteca del Ateneo de Madrid Biblioteca del Ateneo de Madrid Depósito 2 17/01/2008     L-26320-23 1050226 23/02/2023 23/02/2023 Libro impreso